000 00997nam a2200217Ia 4500
999 _c37587
_d37587
001 3558
003 GE_BSU
005 20190619210649.0
008 181216s2009||||ge |||||||||||||| ||geo||
020 _a9789941125881
040 _cGE_BSU
041 _ageo
080 _a576(075.8) კ–79
100 _aკოტრიკაძე, ნანა
_92637
245 _aუჯრედული ბიოლოგიის საფუძვლები :
_bბიოლოგიისა და მედიცინის სპეციალობის სტუდენტებისათვის /
_cნანა კოტრიკაძე ; რედ. თენგიზ ონიანი.
264 _aთბილისი :
_bუნივერსალი,
_c2009.
300 _a266 გვ. ;
_b25 სმ.
653 _aუჯრედული ბიოლოგია
700 _aონიანი, თენგიზ
_eრედაქტორი
_92638
942 _cBK
_2udc